[Event "Titled Tuesday 2021.08.10"]
[Site "chess.com INT"]
[Date "2021.08.10"]
[Round "9"]
[White "Urazayev, Arystanbek"]
[Black "Song, Michael"]
[Result "1-0"]
[WhiteElo "2453"]
[BlackElo "2421"]
[PlyCount "93"]
[GameId "2130307584822987"]
[EventDate "2021.08.10"]
[EventType "swiss (blitz)"]
[EventRounds "11"]
[EventCountry "NET"]
[SourceTitle "The Week in Chess 1397"]
[Source "Mark Crowther"]
[SourceDate "2021.08.16"]
[SourceVersion "2"]
[SourceVersionDate "2021.08.17"]
[SourceQuality "2"]

1. c4 f5 2. g4 fxg4 3. h3 g3 4. fxg3 e6 5. d4 Bd6 6. Kf2 Nf6 7. Nc3 O-O 8. Nf3 Nc6 9. c5 Be7 10. Bg2 d6 11. cxd6 Bxd6 12. Rg1 e5 13. dxe5 Nxe5 14. Bf4 Bc5+ 15. e3 Nd3+ 16. Ke2 Nxf4+ 17. gxf4 Qe7 18. Ne5 c6 19. Ne4 Nd5 20. Nxc5 Qxc5 21. Bxd5+ cxd5 22. Rc1 Qb5+ 23. Qd3 Qxd3+ 24. Kxd3 Bf5+ 25. Kd4 Be4 26. Rc7 g6 27. Rgc1 b6 28. Rb7 Rfb8 29. Rcc7 Rxb7 30. Rxb7 Rc8 31. Rxa7 Rc2 32. b4 h5 33. h4 Rd2+ 34. Kc3 Rc2+ 35. Kb3 Re2 36. a4 Rxe3+ 37. Kb2 d4 38. a5 bxa5 39. bxa5 d3 40. Rd7 Re2+ 41. Kc3 Ra2 42. Kb4 d2 43. Nc4 Bc2 44. Rxd2 Ra4+ 45. Kc3 Bf5 46. Kb3 Be6 47. Kxa4 1-0

[Event "Titled Tuesday 2021.08.03"]
[Site "chess.com INT"]
[Date "2021.08.03"]
[Round "1"]
[White "Song, Michael"]
[Black "Bommini, Mounika Akshaya"]
[Result "1-0"]
[WhiteElo "2421"]
[BlackElo "2158"]
[PlyCount "57"]
[GameId "2130307585078219"]
[EventDate "2021.08.03"]
[EventType "swiss (blitz)"]
[EventRounds "11"]
[EventCountry "NET"]
[SourceTitle "The Week in Chess 1396"]
[Source "Mark Crowther"]
[SourceDate "2021.08.10"]
[SourceVersion "1"]
[SourceVersionDate "2021.08.10"]
[SourceQuality "2"]

1. d4 Nf6 2. Bg5 Ne4 3. Bf4 c5 4. d5 d6 5. f3 Nf6 6. e4 e6 7. dxe6 fxe6 8. Nc3 Be7 9. e5 Nh5 10. Be3 O-O 11. exd6 Bxd6 12. Qd2 Qh4+ 13. Bf2 Bg3 14. Ne4 Bxf2+ 15. Qxf2 Qxf2+ 16. Kxf2 Nc6 17. Nxc5 b6 18. Ne4 Bb7 19. Nd6 Rab8 20. Nxb7 Rxb7 21. Bc4 Re7 22. Re1 Rf6 23. Nh3 h6 24. g4 Nd4 25. gxh5 Nxf3 26. Rxe6 Rexe6 27. Bxe6+ Kf8 28. Bg4 Ne5+ 29. Kg3 1-0

[Event "Titled Tuesday 2021.06.22"]
[Site "chess.com INT"]
[Date "2021.06.22"]
[Round "1"]
[White "Muradli, Mahammad"]
[Black "Song, Michael"]
[Result "1-0"]
[WhiteElo "2449"]
[BlackElo "2421"]
[PlyCount "49"]
[GameId "2130307586364905"]
[EventDate "2021.06.22"]
[EventType "swiss (blitz)"]
[EventRounds "11"]
[EventCountry "NET"]
[SourceTitle "The Week in Chess 1390"]
[Source "Mark Crowther"]
[SourceDate "2021.06.28"]
[SourceVersion "1"]
[SourceVersionDate "2021.06.28"]
[SourceQuality "2"]

1. Nf3 c5 2. c4 Nc6 3. Nc3 e5 4. e3 g6 5. d4 cxd4 6. exd4 d6 7. dxe5 dxe5 8. Qxd8+ Kxd8 9. Be3 Bg4 10. O-O-O+ Kc8 11. Be2 Bh6 12. h3 Bxe3+ 13. fxe3 Bxf3 14. Bxf3 Nge7 15. Nb5 f6 16. Bd5 a6 17. Be6+ Kb8 18. Nd6 Kc7 19. Nf7 Rhf8 20. c5 Nb8 21. Rd2 b6 22. Rhd1 bxc5 23. Rd7+ Nxd7 24. Rxd7+ Kc6 25. Rxe7 1-0

[Event "Titled Tuesday 2021.05.18"]
[Site "chess.com INT"]
[Date "2021.05.18"]
[Round "2"]
[White "Song, Michael"]
[Black "Bommini, Mounika Akshaya"]
[Result "1-0"]
[WhiteElo "2421"]
[BlackElo "2029"]
[PlyCount "71"]
[GameId "2130307587079762"]
[EventDate "2021.05.18"]
[EventType "swiss (blitz)"]
[EventRounds "11"]
[EventCountry "NET"]
[SourceTitle "The Week in Chess 1385"]
[Source "Mark Crowther"]
[SourceDate "2021.05.24"]
[SourceVersion "1"]
[SourceVersionDate "2021.05.24"]
[SourceQuality "2"]

1. d4 Nf6 2. c4 c5 3. d5 e6 4. Nc3 exd5 5. cxd5 d6 6. e4 g6 7. Nge2 a6 8. Ng3 b5 9. Be2 Bg7 10. O-O O-O 11. a4 b4 12. Nb1 h5 13. f3 h4 14. Nh1 Nh5 15. Nf2 Bd4 16. Re1 Ng3 17. Nd2 Qf6 18. Nb3 Bxf2+ 19. Kxf2 Nxe4+ 20. Kg1 Ng5 21. Qd2 Nh7 22. Qf4 Nd7 23. Na5 Ne5 24. Bc4 Bf5 25. Bf1 Rfe8 26. Bd2 g5 27. Qe3 g4 28. fxg4 Bxg4 29. Qf4 Qxf4 30. Bxf4 f6 31. Nb7 Re7 32. Nxd6 Rd8 33. Nc4 Rxd5 34. Nxe5 fxe5 35. Bc4 Nf6 36. Bg5 1-0

[Event "Titled Tuesday 2021.05.18"]
[Site "chess.com INT"]
[Date "2021.05.18"]
[Round "5"]
[White "Nguyen Van Huy"]
[Black "Song, Michael"]
[Result "1-0"]
[WhiteElo "2407"]
[BlackElo "2421"]
[PlyCount "87"]
[GameId "2130307587088132"]
[EventDate "2021.05.18"]
[EventType "swiss (blitz)"]
[EventRounds "11"]
[EventCountry "NET"]
[SourceTitle "The Week in Chess 1385"]
[Source "Mark Crowther"]
[SourceDate "2021.05.24"]
[SourceVersion "1"]
[SourceVersionDate "2021.05.24"]
[SourceQuality "2"]

1. d4 Nf6 2. Nf3 e6 3. c4 b6 4. g3 Ba6 5. Qa4 Bb7 6. Bg2 Be7 7. O-O O-O 8. Nc3 Ne4 9. Nxe4 Bxe4 10. Rd1 d5 11. cxd5 Qxd5 12. Bf4 Bd6 13. Bxd6 cxd6 14. Rac1 Nc6 15. Ne1 Bxg2 16. Nxg2 Rfc8 17. Nf4 Qe4 18. Qa6 Ne7 19. d5 e5 20. Ng2 Rxc1 21. Rxc1 Qxd5 22. Ne3 Qe6 23. Qb7 Rf8 24. Qxa7 d5 25. Rc7 Nf5 26. Nxf5 Qxf5 27. Qxb6 Qb1+ 28. Kg2 Qe4+ 29. f3 Qxe2+ 30. Qf2 Qa6 31. a3 d4 32. Qc2 g6 33. Qc4 Qb6 34. b4 Qd6 35. Qc5 Qe6 36. a4 d3 37. Qf2 Rd8 38. Qd2 Qd6 39. Rc5 Qd4 40. a5 e4 41. fxe4 Qxe4+ 42. Kh3 h5 43. Qg5 Re8 44. Rd5 1-0

[Event "Titled Tuesday 2021.05.11"]
[Site "chess.com INT"]
[Date "2021.05.11"]
[Round "3"]
[White "Bures, Vit"]
[Black "Song, Michael"]
[Result "1-0"]
[WhiteElo "2119"]
[BlackElo "2421"]
[PlyCount "105"]
[GameId "2130307587270202"]
[EventDate "2021.05.11"]
[EventType "swiss (blitz)"]
[EventRounds "11"]
[EventCountry "NET"]
[SourceTitle "The Week in Chess 1384"]
[Source "Mark Crowther"]
[SourceDate "2021.05.17"]
[SourceVersion "1"]
[SourceVersionDate "2021.05.17"]
[SourceQuality "2"]

1. d4 Nf6 2. c4 e6 3. Nc3 c5 4. d5 exd5 5. cxd5 d6 6. e4 g6 7. f4 Bg7 8. Bb5+ Nfd7 9. Nf3 O-O 10. O-O a6 11. Bd3 b5 12. Kh1 c4 13. Bc2 Nc5 14. Be3 Qc7 15. Bd4 Bh6 16. f5 Nbd7 17. Qe1 Ne5 18. Qh4 Bg7 19. f6 Nxf3 20. Rxf3 Bh8 21. Re1 Re8 22. a3 Re5 23. Bxe5 dxe5 24. d6 Qxd6 25. Nd5 h5 26. Qg5 Ra7 27. Ne7+ Rxe7 28. fxe7 Bd7 29. Rd1 Qe6 30. h3 Kh7 31. Rd5 f6 32. Qe3 Nd3 33. Bxd3 cxd3 34. Qxd3 Be8 35. Rd8 Qxe7 36. Qd6 Qf7 37. Rxe8 Qxe8 38. Rc3 Bg7 39. Rc7 Kh6 40. Qxa6 Bf8 41. Qb7 Kg5 42. Rd7 Bc5 43. Qd5 Be3 44. Rd6 Bf4 45. Qe6 Qf8 46. Rc6 Bg3 47. h4+ Bxh4 48. Qd6 Bg3 49. Qxf8 f5 50. Qe7+ Kg4 51. Qf6 g5 52. Qxf5+ Kh4 53. Qh3# 1-0

[Event "Titled Tuesday 2021.05.11"]
[Site "chess.com INT"]
[Date "2021.05.11"]
[Round "6"]
[White "Song, Michael"]
[Black "Dobrov, Vladimir"]
[Result "0-1"]
[WhiteElo "2421"]
[BlackElo "2478"]
[PlyCount "84"]
[GameId "2130307587278621"]
[EventDate "2021.05.11"]
[EventType "swiss (blitz)"]
[EventRounds "11"]
[EventCountry "NET"]
[SourceTitle "The Week in Chess 1384"]
[Source "Mark Crowther"]
[SourceDate "2021.05.17"]
[SourceVersion "1"]
[SourceVersionDate "2021.05.17"]
[SourceQuality "2"]

1. d4 Nf6 2. Bg5 e6 3. Nc3 h6 4. Bh4 d5 5. Nf3 Nbd7 6. e3 c5 7. Bg3 a6 8. Be2 b5 9. h3 Bb7 10. O-O Be7 11. Ne5 O-O 12. Bf3 Rc8 13. Ne2 b4 14. dxc5 Nxe5 15. Bxe5 Nd7 16. Bd6 Nxc5 17. Bxe7 Qxe7 18. c3 a5 19. cxb4 axb4 20. a3 b3 21. Nc3 Rfd8 22. Qd4 e5 23. Qb4 d4 24. exd4 Rxd4 25. Bxb7 Rxb4 26. Bxc8 Rd4 27. a4 Qd8 28. Bg4 Qa5 29. Be2 Rd2 30. Rfb1 e4 31. Bb5 f5 32. Rd1 Rxb2 33. Nd5 Kf7 34. Nf4 Rc2 35. Ne2 b2 36. Rab1 Nb3 37. Kh2 Nd2 38. Nd4 Nxb1 39. Nxc2 Nc3 40. Rd7+ Kg6 41. Rd6+ Kh7 42. Na3 Qc7 0-1

[Event "Titled Tuesday 2021.05.11"]
[Site "chess.com INT"]
[Date "2021.05.11"]
[Round "8"]
[White "Song, Michael"]
[Black "Chitlange, Sakshi"]
[Result "1-0"]
[WhiteElo "2421"]
[BlackElo "2167"]
[PlyCount "107"]
[GameId "2130307587286916"]
[EventDate "2021.05.11"]
[EventType "swiss (blitz)"]
[EventRounds "11"]
[EventCountry "NET"]
[SourceTitle "The Week in Chess 1384"]
[Source "Mark Crowther"]
[SourceDate "2021.05.17"]
[SourceVersion "1"]
[SourceVersionDate "2021.05.17"]
[SourceQuality "2"]

1. d4 Nf6 2. c4 e6 3. Nc3 Bb4 4. e3 c5 5. Nge2 b6 6. a3 Ba5 7. Rb1 Na6 8. d5 Bb7 9. g3 b5 10. Bg2 bxc4 11. O-O O-O 12. e4 exd5 13. e5 Ng4 14. Nxd5 Bc6 15. f4 Nc7 16. h3 Nh6 17. f5 Re8 18. Bxh6 Nxd5 19. Bxd5 gxh6 20. Nf4 Rxe5 21. h4 Bxd5 22. Nxd5 Kh8 23. f6 Qg8 24. Kh2 Rae8 25. Ne7 Qf8 26. Rf2 Bd8 27. Qd6 Re6 28. Qxd7 Bxe7 29. fxe7 R8xe7 30. Qd2 Qg7 31. Rbf1 Re3 32. Qd6 Re2 33. Kh3 R2e3 34. Rf6 R7e5 35. Qb8+ Re8 36. Qf4 R3e7 37. Rxh6 Re4 38. Qg5 R8e5 39. Qxg7+ Kxg7 40. Ra6 Re2 41. Rxa7 Rxb2 42. Rfxf7+ Kg8 43. Rfc7 Re8 44. Rg7+ Kh8 45. Rxh7+ Kg8 46. Rag7+ Kf8 47. Rc7 Kg8 48. Rhg7+ Kf8 49. Rg5 c3 50. Rgxc5 c2 51. Rxc2 Rxc2 52. Rxc2 Ra8 53. Rc3 Kg7 54. h5 1-0

[Event "Titled Tuesday 2021.05.11"]
[Site "chess.com INT"]
[Date "2021.05.11"]
[Round "10"]
[White "Mohammad Fahad, Rahman"]
[Black "Song, Michael"]
[Result "1-0"]
[WhiteElo "2314"]
[BlackElo "2421"]
[PlyCount "89"]
[GameId "2130307587286996"]
[EventDate "2021.05.11"]
[EventType "swiss (blitz)"]
[EventRounds "11"]
[EventCountry "NET"]
[SourceTitle "The Week in Chess 1384"]
[Source "Mark Crowther"]
[SourceDate "2021.05.17"]
[SourceVersion "1"]
[SourceVersionDate "2021.05.17"]
[SourceQuality "2"]

1. e4 e5 2. Nf3 Nc6 3. Bb5 Nf6 4. O-O Nxe4 5. Re1 Nd6 6. Nxe5 Be7 7. Bf1 Nf5 8. Nf3 O-O 9. d4 d5 10. c3 Re8 11. Bd3 g6 12. Nbd2 Bf8 13. Nf1 Ng7 14. Bg5 f6 15. Bf4 Bd6 16. Qd2 Bg4 17. Ng3 Bxf3 18. gxf3 Qd7 19. Kg2 Ne6 20. Be3 f5 21. Ne2 Qf7 22. f4 g5 23. Kh1 Kh8 24. Rg1 Rf8 25. Rg3 Ne7 26. Rag1 g4 27. f3 h5 28. fxg4 fxg4 29. Rf1 Nf5 30. Rg2 Rae8 31. Bf2 Nh6 32. Bh4 Nf5 33. Bxf5 Qxf5 34. Ng3 Qh7 35. f5 Ng7 36. Rgf2 Bxg3 37. Bxg3 Nxf5 38. Be5+ Kg8 39. Qg5+ Ng7 40. Rxf8+ Rxf8 41. Rxf8+ Kxf8 42. Qf6+ Kg8 43. Qd8+ Kf7 44. Qxd5+ Ne6 45. Qd7+ 1-0

[Event "Titled Tuesday 2020.12.22"]
[Site "chess.com INT"]
[Date "2020.12.22"]
[Round "1"]
[White "Dovbnia, Nikita"]
[Black "Song, Michael"]
[Result "0-1"]
[WhiteElo "1902"]
[BlackElo "2421"]
[PlyCount "86"]
[GameId "2130307590631423"]
[EventDate "2020.12.22"]
[EventType "swiss (blitz)"]
[EventRounds "11"]
[EventCountry "NET"]
[SourceTitle "The Week in Chess 1364"]
[Source "Mark Crowther"]
[SourceDate "2020.12.28"]
[SourceVersion "1"]
[SourceVersionDate "2020.12.28"]
[SourceQuality "2"]

1. Nf3 Nf6 2. c4 g6 3. Nc3 Bg7 4. e4 c5 5. d4 cxd4 6. Nxd4 O-O 7. Be2 Nc6 8. Be3 d6 9. O-O Bd7 10. f3 Nxd4 11. Bxd4 a5 12. b3 Bc6 13. Qd2 Nd7 14. Be3 Nc5 15. Rab1 e6 16. Rfd1 Be5 17. Bf1 f5 18. exf5 gxf5 19. Nb5 Bxb5 20. cxb5 Qh4 21. g3 Qe7 22. f4 Ne4 23. Qd3 Bg7 24. Rbc1 Rfc8 25. Bd4 Bxd4+ 26. Qxd4 Qg7 27. Qb6 Rxc1 28. Rxc1 Qb2 29. Rc7 a4 30. bxa4 Qxa2 31. Qd4 e5 32. Bc4+ Kf8 33. Bxa2 exd4 34. Rf7+ Ke8 35. Rxb7 Rxa4 36. Bf7+ Kd8 37. Bb3 Ra3 38. Bd5 d3 39. Rxh7 d2 40. Rh8+ Kc7 41. Rh7+ Kb6 42. Rb7+ Kc5 43. Rc7+ Kxd5 0-1

[Event "Titled Tuesday 2020.12.22"]
[Site "chess.com INT"]
[Date "2020.12.22"]
[Round "2"]
[White "Fawzy, Adham"]
[Black "Song, Michael"]
[Result "1-0"]
[WhiteElo "2470"]
[BlackElo "2421"]
[PlyCount "65"]
[GameId "2130307590631496"]
[EventDate "2020.12.22"]
[EventType "swiss (blitz)"]
[EventRounds "11"]
[EventCountry "NET"]
[SourceTitle "The Week in Chess 1364"]
[Source "Mark Crowther"]
[SourceDate "2020.12.28"]
[SourceVersion "1"]
[SourceVersionDate "2020.12.28"]
[SourceQuality "2"]

1. e4 e5 2. Nf3 Nc6 3. Bb5 Nf6 4. O-O Nxe4 5. Re1 Nd6 6. Nxe5 Be7 7. Bf1 Nf5 8. Nf3 O-O 9. d4 d5 10. g3 Re8 11. c3 g6 12. Bf4 Ng7 13. Nbd2 Bf8 14. Rxe8 Nxe8 15. Qb3 Na5 16. Qa4 c6 17. Re1 Bd7 18. Qc2 Nd6 19. Bxd6 Bxd6 20. b4 Nc4 21. Nxc4 dxc4 22. Bxc4 a5 23. bxa5 Rxa5 24. Qb3 Ra3 25. Qb2 b5 26. Bb3 Ra7 27. Ne5 Be8 28. Qd2 Kg7 29. Ng4 Bd7 30. Qh6+ Kh8 31. Bxf7 Bf8 32. Qf4 Bxg4 33. Re8 1-0

[Event "Titled Tuesday 2020.12.22"]
[Site "chess.com INT"]
[Date "2020.12.22"]
[Round "4"]
[White "Kaasen, Tor Fredrik"]
[Black "Song, Michael"]
[Result "1-0"]
[WhiteElo "2381"]
[BlackElo "2421"]
[PlyCount "137"]
[GameId "2130307590639836"]
[EventDate "2020.12.22"]
[EventType "swiss (blitz)"]
[EventRounds "11"]
[EventCountry "NET"]
[SourceTitle "The Week in Chess 1364"]
[Source "Mark Crowther"]
[SourceDate "2020.12.28"]
[SourceVersion "1"]
[SourceVersionDate "2020.12.28"]
[SourceQuality "2"]

1. e4 e5 2. Nf3 Nc6 3. Bc4 Bc5 4. d3 Nf6 5. Bg5 d6 6. c3 O-O 7. Nbd2 Bb6 8. a4 a6 9. O-O h6 10. Bh4 g5 11. Bg3 Bg4 12. Re1 Kg7 13. Nf1 Bh5 14. Ne3 Bxe3 15. Rxe3 Bg6 16. h3 Nh5 17. Bh2 Nf4 18. d4 Qf6 19. a5 Bh5 20. Qd2 Nxh3+ 21. Kh1 Nf4 22. Rg1 Rae8 23. d5 Nxa5 24. Bf1 Bxf3 25. Rxf3 g4 26. Rg3 h5 27. b4 Qg6 28. bxa5 h4 29. Re3 Rh8 30. g3 hxg3 31. fxg3 Rxh2+ 32. Qxh2 Rh8 33. gxf4 Rxh2+ 34. Kxh2 exf4 35. Rh3 Kf6 36. Rh4 g3+ 37. Kh3 Qg5 38. Be2 Qe5 39. Bf3 Qxc3 40. Rxf4+ Ke5 41. Rxg3 Qe1 42. Rf5+ Kd4 43. Bg2 Qxa5 44. Rxf7 b5 45. Rf1 b4 46. Rd1+ Kc5 47. Rc1+ Kb6 48. Rg7 b3 49. Rcxc7 Qd2 50. Rb7+ Kc5 51. Rgc7+ Kd4 52. Rxb3 Qh6+ 53. Kg3 Qg5+ 54. Kf2 Qf4+ 55. Ke2 Qh4 56. Rd3+ Ke5 57. Re3 Qg5 58. Bf3 Qg3 59. Re7+ Kf6 60. Re6+ Kf7 61. Kd3 Qf2 62. Be2 Qe1 63. Rf3+ Kg7 64. Re7+ Kg6 65. Re6+ Kg5 66. Rf5+ Kh4 67. Rh6+ Kg3 68. Rf3+ Kg4 69. Rf1+ 1-0

[Event "Titled Tuesday 2020.12.22"]
[Site "chess.com INT"]
[Date "2020.12.22"]
[Round "6"]
[White "Cabarkapa, Novak"]
[Black "Song, Michael"]
[Result "1-0"]
[WhiteElo "2463"]
[BlackElo "2421"]
[PlyCount "65"]
[GameId "2130307590644043"]
[EventDate "2020.12.22"]
[EventType "swiss (blitz)"]
[EventRounds "11"]
[EventCountry "NET"]
[SourceTitle "The Week in Chess 1364"]
[Source "Mark Crowther"]
[SourceDate "2020.12.28"]
[SourceVersion "1"]
[SourceVersionDate "2020.12.28"]
[SourceQuality "2"]

1. d4 Nf6 2. Nc3 d5 3. Bf4 a6 4. e3 c5 5. dxc5 Nc6 6. a3 e5 7. Bg5 d4 8. Na4 Be6 9. b4 Be7 10. exd4 Nxd4 11. Ne2 Nd5 12. Bxe7 Qxe7 13. Nxd4 exd4 14. Qxd4 Bg4+ 15. Kd2 Qg5+ 16. f4 Nxf4 17. h4 Qh6 18. Qe3+ Be6 19. g3 Rd8+ 20. Bd3 Nxd3 21. cxd3 Qh5 22. g4 Qxg4 23. Rag1 Qf5 24. Rxg7 Qf6 25. Rg3 h6 26. Nc3 Ke7 27. Rf3 Qd4 28. Rhf1 Qxe3+ 29. Rxe3 Rhg8 30. Ne4 Rg2+ 31. Kc3 Rg4 32. Nd6 Rxh4 33. Rxf7# 1-0

[Event "Titled Tuesday 2020.12.22"]
[Site "chess.com INT"]
[Date "2020.12.22"]
[Round "7"]
[White "Song, Michael"]
[Black "Bethke, Richard"]
[Result "1-0"]
[WhiteElo "2421"]
[BlackElo "2332"]
[PlyCount "35"]
[GameId "2130307590648235"]
[EventDate "2020.12.22"]
[EventType "swiss (blitz)"]
[EventRounds "11"]
[EventCountry "NET"]
[SourceTitle "The Week in Chess 1364"]
[Source "Mark Crowther"]
[SourceDate "2020.12.28"]
[SourceVersion "1"]
[SourceVersionDate "2020.12.28"]
[SourceQuality "2"]

1. e4 c5 2. Nf3 d6 3. d4 cxd4 4. Nxd4 Nf6 5. Nc3 a6 6. h3 e5 7. Nde2 h5 8. Bg5 Be6 9. Nd5 Bxd5 10. Bxf6 Qa5+ 11. Nc3 Bxe4 12. Bg5 Nc6 13. a3 Be7 14. Bxe7 Kxe7 15. b4 Nxb4 16. axb4 Qxb4 17. Qd2 Rac8 18. Nd5+ 1-0

[Event "Titled Tuesday 2020.12.22"]
[Site "chess.com INT"]
[Date "2020.12.22"]
[Round "8"]
[White "Song, Michael"]
[Black "Shirov, Alexei"]
[Result "0-1"]
[WhiteElo "2421"]
[BlackElo "2662"]
[PlyCount "52"]
[GameId "2130307590648282"]
[EventDate "2020.12.22"]
[EventType "swiss (blitz)"]
[EventRounds "11"]
[EventCountry "NET"]
[SourceTitle "The Week in Chess 1364"]
[Source "Mark Crowther"]
[SourceDate "2020.12.28"]
[SourceVersion "1"]
[SourceVersionDate "2020.12.28"]
[SourceQuality "2"]

1. d4 d5 2. c4 c6 3. Nf3 Nf6 4. Qc2 g6 5. Bf4 Na6 6. e3 Nb4 7. Qb3 Bf5 8. Qxb4 e5 9. Qxb7 Rb8 10. Qxc6+ Bd7 11. Qxf6 Qxf6 12. Bxe5 Qb6 13. Nbd2 Qxb2 14. Rd1 Ba4 15. Bxh8 Bxd1 16. Kxd1 dxc4 17. Bxc4 Qa1+ 18. Ke2 Qxh1 19. Ne5 Rb2 20. Bxf7+ Kd8 21. Nec4 Rc2 22. Kd3 Qd1 23. d5 Bb4 24. Bf6+ Kd7 25. Be6+ Ke8 26. d6 Rxd2+ 0-1

[Event "Titled Tuesday 2020.12.01"]
[Site "chess.com INT"]
[Date "2020.12.01"]
[Round "9"]
[White "Gavrilescu, David"]
[Black "Song, Michael"]
[Result "1-0"]
[WhiteElo "2476"]
[BlackElo "2421"]
[PlyCount "43"]
[GameId "2130307591312305"]
[EventDate "2020.12.01"]
[EventType "swiss (blitz)"]
[EventRounds "11"]
[EventCountry "NET"]
[SourceTitle "The Week in Chess 1361"]
[Source "Mark Crowther"]
[SourceDate "2020.12.07"]
[SourceVersion "1"]
[SourceVersionDate "2020.12.07"]
[SourceQuality "2"]

1. e4 e5 2. Bc4 Nf6 3. Nc3 Nc6 4. d3 Bb4 5. Nge2 d5 6. exd5 Nxd5 7. O-O Nb6 8. Bb3 O-O 9. f4 Bd6 10. Kh1 Nd4 11. Nxd4 exd4 12. Ne4 Kh8 13. f5 f6 14. Qh5 Qe8 15. Qh4 Be5 16. Rf3 g5 17. fxg6 Qxg6 18. Bh6 Bg4 19. Rf2 f5 20. Bxf8 Rxf8 21. h3 Bh5 22. g4 1-0

[Event "Titled Tuesday 2020.11.24"]
[Site "chess.com INT"]
[Date "2020.11.24"]
[Round "6"]
[White "Song, Michael"]
[Black "Cervantes Landeiro, Thalia"]
[Result "1-0"]
[WhiteElo "2421"]
[BlackElo "2311"]
[PlyCount "69"]
[GameId "2130307591561122"]
[EventDate "2020.11.24"]
[EventType "swiss (blitz)"]
[EventRounds "11"]
[EventCountry "NET"]
[SourceTitle "The Week in Chess 1360"]
[Source "Mark Crowther"]
[SourceDate "2020.11.30"]
[SourceVersion "1"]
[SourceVersionDate "2020.11.30"]
[SourceQuality "2"]

1. d4 Nf6 2. c4 g6 3. Nc3 d5 4. Nf3 Bg7 5. h4 h5 6. Bg5 c6 7. e3 Nbd7 8. Qb3 Qb6 9. cxd5 cxd5 10. Qxb6 Nxb6 11. Nb5 O-O 12. Rc1 Bd7 13. b3 Rfc8 14. Rxc8+ Rxc8 15. Bxf6 Bxf6 16. Kd2 a6 17. Nc3 Bg4 18. Be2 e6 19. g3 Be7 20. Rc1 Ba3 21. Rc2 Bb4 22. Ng1 Nd7 23. f3 Bf5 24. Bd3 Nf6 25. Nge2 Kf8 26. Bxf5 gxf5 27. Kd3 Ke7 28. Nxd5+ Nxd5 29. Rxc8 Bd6 30. e4 fxe4+ 31. fxe4 Nb4+ 32. Kd2 Nxa2 33. Rh8 a5 34. Rxh5 f6 35. Rb5 1-0

[Event "Titled Tuesday 2020.09.22"]
[Site "chess.com INT"]
[Date "2020.09.22"]
[Round "1"]
[White "Song, Michael"]
[Black "Aung Thant Zin"]
[Result "1-0"]
[WhiteElo "2421"]
[BlackElo "2268"]
[PlyCount "85"]
[GameId "2130307592966674"]
[EventDate "2020.09.22"]
[EventType "swiss (blitz)"]
[EventRounds "10"]
[EventCountry "NET"]
[SourceTitle "The Week in Chess 1351"]
[Source "Mark Crowther"]
[SourceDate "2020.09.28"]
[SourceVersion "1"]
[SourceVersionDate "2020.09.28"]
[SourceQuality "2"]

1. d4 Nf6 2. c4 e6 3. Nc3 Bb4 4. e3 c5 5. Nge2 Nc6 6. a3 Bxc3+ 7. Nxc3 b6 8. d5 Ne5 9. f4 Ng6 10. e4 d6 11. Be2 O-O 12. O-O exd5 13. cxd5 Re8 14. Bb5 Bd7 15. Bd3 b5 16. Re1 b4 17. axb4 cxb4 18. Na4 Rc8 19. h3 Qc7 20. Bd2 Rb8 21. b3 Bb5 22. Bxb5 Rxb5 23. Rc1 Qb8 24. Qf3 a5 25. Rc4 h6 26. Bc1 Nd7 27. Rd1 Nb6 28. Nxb6 Qxb6+ 29. Be3 Qb8 30. e5 dxe5 31. f5 Nf4 32. d6 Rd8 33. Qc6 Qb7 34. d7 Qxc6 35. Rxc6 Nd5 36. Rc8 Rb8 37. Rxb8 Rxb8 38. Rxd5 Rd8 39. Bb6 f6 40. Bxd8 Kf7 41. Bxa5 g6 42. d8=Q gxf5 43. Rd7+ 1-0

[Event "Titled Tuesday 2020.09.22"]
[Site "chess.com INT"]
[Date "2020.09.22"]
[Round "3"]
[White "Berchtenbreiter, Maximilian"]
[Black "Song, Michael"]
[Result "0-1"]
[WhiteElo "2499"]
[BlackElo "2421"]
[PlyCount "80"]
[GameId "2130307592970862"]
[EventDate "2020.09.22"]
[EventType "swiss (blitz)"]
[EventRounds "10"]
[EventCountry "NET"]
[SourceTitle "The Week in Chess 1351"]
[Source "Mark Crowther"]
[SourceDate "2020.09.28"]
[SourceVersion "1"]
[SourceVersionDate "2020.09.28"]
[SourceQuality "2"]

1. d4 Nf6 2. Bf4 d5 3. c3 Bf5 4. e3 e6 5. Nd2 c5 6. Ngf3 Nc6 7. Bb5 Nd7 8. O-O Be7 9. Re1 cxd4 10. exd4 O-O 11. a4 Rc8 12. Nf1 a6 13. Bd3 Bxd3 14. Qxd3 Na5 15. Ng3 Nf6 16. Ne5 Nc4 17. Re2 Nxe5 18. Bxe5 Nd7 19. Bf4 Bg5 20. Qe3 Bxf4 21. Qxf4 Qc7 22. Qg5 h6 23. Qh4 Nf6 24. f4 Rfe8 25. Rae1 b5 26. axb5 axb5 27. f5 Qd7 28. fxe6 Rxe6 29. Qf4 Rce8 30. Rxe6 Rxe6 31. Ra1 Qe8 32. h3 Re1+ 33. Rxe1 Qxe1+ 34. Kh2 Ne4 35. Nf5 Nf2 36. Qb8+ Kh7 37. Qf8 Qh1+ 38. Kg3 Ne4+ 39. Kh4 g5+ 40. Kh5 Nf6# 0-1

[Event "Titled Tuesday 2020.09.22"]
[Site "chess.com INT"]
[Date "2020.09.22"]
[Round "4"]
[White "Song, Michael"]
[Black "Gorshtein, Ido"]
[Result "0-1"]
[WhiteElo "2421"]
[BlackElo "2377"]
[PlyCount "56"]
[GameId "2130307592975082"]
[EventDate "2020.09.22"]
[EventType "swiss (blitz)"]
[EventRounds "10"]
[EventCountry "NET"]
[SourceTitle "The Week in Chess 1351"]
[Source "Mark Crowther"]
[SourceDate "2020.09.28"]
[SourceVersion "1"]
[SourceVersionDate "2020.09.28"]
[SourceQuality "2"]

1. d4 f5 2. Bg5 h6 3. Bh4 g5 4. e4 Bg7 5. Bg3 fxe4 6. h4 Nf6 7. hxg5 hxg5 8. Rxh8+ Bxh8 9. Nh3 g4 10. Nf4 d6 11. Nc3 Nc6 12. d5 Ne5 13. Ne6 Bxe6 14. Bxe5 Bf5 15. Bxf6 Bxf6 16. Bb5+ Kf7 17. Qd2 a6 18. Be2 Qg8 19. Qf4 Qg6 20. Nd1 Be5 21. Qd2 Rh8 22. Ne3 g3 23. O-O-O gxf2 24. Rf1 Bg3 25. Qc3 Rh2 26. Nxf5 Bf4+ 27. Ne3 Qxg2 28. Qd2 Qg5 0-1